Players in the 2025 NBA Finals - Sudden Death - Statistics

General Stats
  • This quiz has been taken 363 times
  • The average score is 11 of 14
Answers on the Grid
Answers color-coded by a green-red scale on the quiz's grid according to % correct below.
Aaron Nesmith
Aaron Wiggins
Alex Caruso
Alperen Sengun
Andrew Nembhard
Anthony Edwards
Bennedict Mathurin
Buddy Hield
Chet Holmgren
Christian Braun
Darius Garland
Jalen Brunson
Jalen Williams
Jaylin Williams
Luguentz Dort
Miles McBride
Myles Turner
Norman Powell
Obi Toppin
Pascal Siakam
Rudy Gobert
Shai Gilgeous-Alexander
Terrence Shannon Jr.
Tyrese Haliburton
 
Answer Stats
Answer % Correct
Aaron Nesmith
89%
Alex Caruso
88%
Chet Holmgren
86%
Shai Gilgeous-Alexander
86%
Myles Turner
83%
Tyrese Haliburton
83%
Jalen Williams
82%
Andrew Nembhard
81%
Bennedict Mathurin
81%
Luguentz Dort
81%
Pascal Siakam
81%
Obi Toppin
79%
Jaylin Williams
75%
Aaron Wiggins
71%
No matching quizzes found
Score Distribution
Percent of People with Each Score
Percentile by Number Answered
Your Score History
You have not taken this quiz